[Event "Titled Tuesday intern op 08th Nov Early"]
[Site "Chess.com INT"]
[Date "2022.11.08"]
[Round "8"]
[White "Faizrakhmanov, Ramil"]
[Black "Tleptsok, Ruslan Aslanovich"]
[Result "1/2-1/2"]
[WhiteElo "2469"]
[BlackElo "2196"]
[PlyCount "120"]
[EventDate "2022.11.08"]
[EventType "swiss (blitz)"]
[EventRounds "11"]
[EventCountry "USA"]
[SourceTitle "EXT 2024"]
[Source "ChessBase"]
[SourceDate "2023.10.10"]
[SourceVersion "1"]
[SourceVersionDate "2023.10.10"]
[SourceQuality "1"]

1. d4 Nf6 2. c4 e5 3. dxe5 Ne4 4. Nf3 Bb4+ 5. Nbd2 Nc6 6. a3 Nxd2 7. Bxd2 Bxd2+ 8. Qxd2 Qe7 9. Qc3 b6 10. e3 Bb7 11. Be2 0-0-0 12. 0-0-0 Rhe8 13. c5 Nxe5 14. cxb6 axb6 15. Kb1 Nxf3 16. Bxf3 Bxf3 17. gxf3 Qe5 18. Qc2 d5 19. Qxh7 d4 20. f4 Qf6 21. Qh3+ Kb8 22. Qf3 dxe3 23. fxe3 Qf5+ 24. Ka1 g5 25. Qg3 Rxd1+ 26. Rxd1 gxf4 27. Qxf4 Qxf4 28. exf4 Rh8 29. Rd2 Rh4 30. Rf2 c5 31. Kb1 Kc7 32. Kc2 Kd6 33. Kd3 Kd5 34. Rd2 Rh3+ 35. Kc2+ Ke4 36. Rd6 Rxh2+ 37. Kc3 b5 38. Rf6 Rh3+ 39. Kc2 Rh2+ 40. Kb3 Rh3+ 41. Ka2 Rh7 42. Rb6 b4 43. axb4 cxb4 44. Rxb4+ Ke3 45. Rc4 Rh4 46. Ka3 f5 47. b4 Rxf4 48. Rc8 Rf1 49. Kb2 f4 50. b5 Rh1 51. b6 Rh7 52. Rc7 Rh6 53. b7 Rb6+ 54. Kc3 f3 55. Re7+ Kf2 56. Kc4 Kf1 57. Kc5 Rxb7 58. Rxb7 f2 59. Rf7 Ke1 60. Rxf2 Kxf2 1/2-1/2

[Event "Titled Tuesday intern op 08th Nov Early"]
[Site "Chess.com INT"]
[Date "2022.11.08"]
[Round "10"]
[White "Rodriguez Fontecha, Marcos"]
[Black "Tleptsok, Ruslan Aslanovich"]
[Result "0-1"]
[WhiteElo "2309"]
[BlackElo "2196"]
[PlyCount "85"]
[EventDate "2022.11.08"]
[EventType "swiss (blitz)"]
[EventRounds "11"]
[EventCountry "USA"]
[SourceTitle "EXT 2024"]
[Source "ChessBase"]
[SourceDate "2023.10.10"]
[SourceVersion "1"]
[SourceVersionDate "2023.10.10"]
[SourceQuality "1"]

1. Nf3 f5 2. d4 d5 3. Ne5 Nf6 4. g3 e6 5. Bg2 c6 6. c4 Bd6 7. 0-0 Nbd7 8. f4 0-0 9. Qc2 Qe8 10. cxd5 exd5 11. a3 Ne4 12. b4 Ndf6 13. Nd2 Qh5 14. Ndf3 Be6 15. Rb1 Ng4 16. Rb3 Kh8 17. h3 Ngf6 18. Nd2 Qxe2 19. Bf3 Qa6 20. Nd3 Nxg3 21. Re1 Nge4 22. Nc5 Bxc5 23. dxc5 Nxd2 24. Qxd2 Ne4 25. Qd4 b6 26. Bb2 Rf7 27. Bxe4 fxe4 28. Rg3 Qb7 29. Rf1 Bf5 30. Rf2 Rg8 31. h4 Qe7 32. Rg5 h6 33. Rh2 bxc5 34. bxc5 e3 35. Rh5 Kh7 36. Re2 Bg4 37. Rxe3 Qf6 38. Qd3+ Bf5 39. Bxf6 Bxd3 40. Bd4 Bf5 41. Re5 Bg4 42. f5 Bxh5 43. f6 0-1

[Event "Titled Tuesday intern op 08th Nov Early"]
[Site "Chess.com INT"]
[Date "2022.11.08"]
[Round "5"]
[White "Shimanov, Aleksandr"]
[Black "Tleptsok, Ruslan Aslanovich"]
[Result "0-1"]
[WhiteElo "2581"]
[BlackElo "2196"]
[PlyCount "74"]
[EventDate "2022.11.08"]
[EventType "swiss (blitz)"]
[EventRounds "11"]
[EventCountry "USA"]
[SourceTitle "EXT 2024"]
[Source "ChessBase"]
[SourceDate "2023.10.10"]
[SourceVersion "1"]
[SourceVersionDate "2023.10.10"]
[SourceQuality "1"]

1. e4 d5 2. exd5 Nf6 3. d4 Bg4 4. Be2 Bxe2 5. Qxe2 Qxd5 6. Nf3 Nc6 7. Be3 0-0-0 8. 0-0 e6 9. c4 Qh5 10. Nc3 Rg8 11. Ng5 Qg6 12. Rad1 Nxd4 13. Bxd4 Qxg5 14. Bxa7 Bd6 15. Be3 Qe5 16. g3 h5 17. Rfe1 Ng4 18. Rd3 Bb4 19. Red1 Rxd3 20. Rxd3 Rd8 21. Rxd8+ Kxd8 22. Qd3+ Ke7 23. Bd2 Bc5 24. Ne4 Bd4 25. Bf4 Bxf2+ 26. Kf1 Qxb2 27. Bg5+ f6 28. Bd2 Bd4 29. Qb3 Qa1+ 30. Ke2 b6 31. Qa3+ Kf7 32. Qa4 Ne5 33. c5 bxc5 34. Qa7 Qh1 35. Qxc7+ Kg6 36. Nd6 Qf3+ 37. Ke1 Nd3# 0-1

[Event "Titled Tuesday intern op 08th Nov Early"]
[Site "Chess.com INT"]
[Date "2022.11.08"]
[Round "11"]
[White "Tleptsok, Ruslan Aslanovich"]
[Black "Durarbayli, Vasif"]
[Result "0-1"]
[WhiteElo "2196"]
[BlackElo "2612"]
[PlyCount "106"]
[EventDate "2022.11.08"]
[EventType "swiss (blitz)"]
[EventRounds "11"]
[EventCountry "USA"]
[SourceTitle "EXT 2024"]
[Source "ChessBase"]
[SourceDate "2023.10.10"]
[SourceVersion "1"]
[SourceVersionDate "2023.10.10"]
[SourceQuality "1"]

1. e4 c5 2. Nf3 d6 3. c3 Nf6 4. Bc4 e6 5. Qe2 a6 6. a4 Be7 7. d4 cxd4 8. cxd4 d5 9. exd5 exd5 10. Bd3 Nc6 11. 0-0 Bg4 12. Be3 0-0 13. Nc3 Re8 14. h3 Bh5 15. g4 Bg6 16. Bxg6 hxg6 17. Ne5 Bb4 18. Nxc6 bxc6 19. Qf3 Bxc3 20. bxc3 Ne4 21. Rac1 Qa5 22. c4 Qxa4 23. cxd5 cxd5 24. Rc7 Rf8 25. Rb1 Rac8 26. Ra7 Qc6 27. Rbb7 Nd6 28. Re7 Rce8 29. Red7 Re6 30. h4 Rf6 31. Qg3 Ne4 32. Qg2 Qc2 33. Rxd5 Nc3 34. Rc5 Qd3 35. Ra8 Ne4 36. Rxf8+ Kxf8 37. Rc8+ Ke7 38. Kh2 a5 39. Ra8 Rc6 40. Bg5+ f6 41. Be3 Rc2 42. Qf3 Kf7 43. g5 f5 44. Ra7+ Kg8 45. h5 Qc4 46. Ra8+ Kh7 47. hxg6+ Kxg6 48. Rf8 Qc7+ 49. Bf4 Qd7 50. Be5 Rxf2+ 51. Qxf2 Nxf2 52. Rg8 Ng4+ 53. Kg3 Nxe5 0-1

[Event "Titled Tuesday intern op 08th Nov Early"]
[Site "Chess.com INT"]
[Date "2022.11.08"]
[Round "7"]
[White "Tleptsok, Ruslan Aslanovich"]
[Black "Urazayev, Arystanbek"]
[Result "1-0"]
[WhiteElo "2196"]
[BlackElo "2458"]
[PlyCount "57"]
[EventDate "2022.11.08"]
[EventType "swiss (blitz)"]
[EventRounds "11"]
[EventCountry "USA"]
[SourceTitle "EXT 2024"]
[Source "ChessBase"]
[SourceDate "2023.10.10"]
[SourceVersion "1"]
[SourceVersionDate "2023.10.10"]
[SourceQuality "1"]

1. e4 c6 2. d4 d5 3. f3 e6 4. Nc3 Nf6 5. Be3 Bb4 6. a3 Bxc3+ 7. bxc3 dxe4 8. fxe4 Nxe4 9. Qg4 Qa5 10. Ne2 Qf5 11. Qxg7 Qf6 12. Qg4 Qg6 13. Qf3 e5 14. dxe5 Bg4 15. Qf4 Nd7 16. 0-0-0 Bxe2 17. Bxe2 Nxc3 18. Bg4 Rd8 19. Rd6 Nd5 20. Rxd5 cxd5 21. Bf5 Qa6 22. Rf1 Qxa3+ 23. Kd1 Rf8 24. Rf3 Qa1+ 25. Bc1 Nc5 26. Qb4 b6 27. Ra3 a5 28. Qb5+ Ke7 29. Rxa1 1-0

[Event "Titled Tuesday intern op 01st Nov Early"]
[Site "Chess.com INT"]
[Date "2022.11.01"]
[Round "10"]
[White "Molina, Roberto Junio Brito"]
[Black "Tleptsok, Ruslan Aslanovich"]
[Result "1/2-1/2"]
[WhiteElo "2385"]
[BlackElo "2196"]
[PlyCount "105"]
[EventDate "2022.11.01"]
[EventType "swiss (blitz)"]
[EventRounds "11"]
[EventCountry "USA"]
[SourceTitle "EXT 2024"]
[Source "ChessBase"]
[SourceDate "2023.10.10"]
[SourceVersion "1"]
[SourceVersionDate "2023.10.10"]
[SourceQuality "1"]

1. d4 Nf6 2. Nf3 c5 3. e3 cxd4 4. exd4 d5 5. Bd3 Nc6 6. c3 Bg4 7. Bf4 Nh5 8. Be3 Nf6 9. Nbd2 Qb6 10. Qb3 e6 11. Qxb6 axb6 12. Bb5 Nd7 13. Bf4 f6 14. 0-0 g5 15. Bg3 h5 16. h3 Bf5 17. Rfe1 Kf7 18. Nf1 h4 19. Bh2 g4 20. hxg4 Bxg4 21. N3d2 Bh6 22. Ne3 Bh5 23. c4 Nxd4 24. Bxd7 Rhd8 25. Bb5 dxc4 26. Bxc4 b5 27. Bf1 Bxe3 28. fxe3 Nc2 29. Nb3 Nxe1 30. Rxe1 Rxa2 31. Nd4 Rxb2 32. Nxb5 Rdd2 33. Nd6+ Kg6 34. Nc4 Re2 35. Bxe2 Rxe2 36. Rxe2 Bxe2 37. Nd2 e5 38. Kf2 Bd3 39. e4 b5 40. Ke3 Bc2 41. Nf3 Kh5 42. Ne1 Bb1 43. Nd3 Bxd3 44. Kxd3 Kg4 45. Kc3 h3 46. gxh3+ Kxh3 47. Bg1 Kg2 48. Bc5 Kf3 49. Be7 Kxe4 50. Bxf6 Kf5 51. Bxe5 Kxe5 52. Kb4 Kd4 53. Kxb5 1/2-1/2

[Event "Titled Tuesday intern op 01st Nov Early"]
[Site "Chess.com INT"]
[Date "2022.11.01"]
[Round "9"]
[White "Tleptsok, Ruslan Aslanovich"]
[Black "Gabrielian, Artur"]
[Result "1/2-1/2"]
[WhiteElo "2196"]
[BlackElo "2460"]
[PlyCount "151"]
[EventDate "2022.11.01"]
[EventType "swiss (blitz)"]
[EventRounds "11"]
[EventCountry "USA"]
[SourceTitle "EXT 2024"]
[Source "ChessBase"]
[SourceDate "2023.10.10"]
[SourceVersion "1"]
[SourceVersionDate "2023.10.10"]
[SourceQuality "1"]

1. e4 c5 2. Nf3 d6 3. c3 Nf6 4. Bc4 e6 5. Qe2 Be7 6. d4 cxd4 7. cxd4 0-0 8. e5 Nd5 9. 0-0 Nc6 10. Nc3 Nxc3 11. bxc3 dxe5 12. Nxe5 Nxe5 13. Qxe5 Bf6 14. Qe4 Bd7 15. Bd3 g6 16. Bh6 Re8 17. Rfe1 Rc8 18. Rac1 Bc6 19. Qf4 Bg7 20. Bxg7 Kxg7 21. h4 Qf6 22. Qg3 Red8 23. Re5 Rd5 24. Rce1 Rcd8 25. h5 Rxe5 26. Rxe5 Rd5 27. f4 Qd8 28. f5 exf5 29. Bxf5 Qf6 30. hxg6 hxg6 31. Be4 Rd6 32. Bxc6 Rxc6 33. Qd3 Qf4 34. Re1 Ra6 35. Re2 Rf6 36. d5 Qf1+ 37. Kh2 Rf4 38. Qd2 Rh4+ 39. Kg3 Qh1 40. d6 Qh2+ 41. Kf3 Rh5 42. Qd4+ Kh7 43. Ke3 Qg1+ 44. Kd2 Qxd4+ 45. cxd4 Rd5 46. Re7 Rxd4+ 47. Kc3 Rxd6 48. Rxf7+ Kh6 49. Rxb7 Ra6 50. Kb2 Kh5 51. Kb3 g5 52. a4 Kh4 53. Rg7 g4 54. Kb4 Kg3 55. Kb5 Rb6+ 56. Ka5 Rb2 57. Rxa7 Kxg2 58. Rg7 g3 59. Ka6 Kf3 60. a5 Rb4 61. Ka7 Rg4 62. Rf7+ Ke2 63. Re7+ Kd2 64. Rd7+ Kc2 65. Rc7+ Kb2 66. Rb7+ Ka2 67. Re7 g2 68. Re1 g1Q+ 69. Rxg1 Rxg1 70. a6 Kb3 71. Kb7 Rg7+ 72. Kb8 Rg8+ 73. Kb7 Kb4 74. a7 Kb5 75. a8Q Rxa8 76. Kxa8 1/2-1/2

[Event "Titled Tuesday intern op 01st Nov Early"]
[Site "Chess.com INT"]
[Date "2022.11.01"]
[Round "8"]
[White "Tleptsok, Ruslan Aslanovich"]
[Black "Kowalczyk, Pawel"]
[Result "1/2-1/2"]
[WhiteElo "2196"]
[BlackElo "2332"]
[PlyCount "121"]
[EventDate "2022.11.01"]
[EventType "swiss (blitz)"]
[EventRounds "11"]
[EventCountry "USA"]
[SourceTitle "EXT 2024"]
[Source "ChessBase"]
[SourceDate "2023.10.10"]
[SourceVersion "1"]
[SourceVersionDate "2023.10.10"]
[SourceQuality "1"]

1. e4 c5 2. Nf3 e6 3. c3 Nf6 4. e5 Nd5 5. d4 d6 6. exd6 Bxd6 7. Bd3 Nc6 8. 0-0 cxd4 9. cxd4 h6 10. Nc3 Nce7 11. Re1 0-0 12. Ne4 Bf4 13. g3 Bxc1 14. Rxc1 b6 15. Ne5 Bb7 16. a3 Rc8 17. Rxc8 Qxc8 18. Nd6 Qc7 19. Nxb7 Qxb7 20. Qf3 Qc7 21. Qe4 Nf6 22. Qf4 Ned5 23. Qd2 Rc8 24. h4 Qd6 25. Rc1 Rxc1+ 26. Qxc1 Qc7 27. Qxc7 Nxc7 28. Nc6 a5 29. Kf1 Kf8 30. Ke2 Nfd5 31. Be4 f6 32. Bxd5 exd5 33. b4 axb4 34. Nxb4 Ke7 35. Kd3 h5 36. f3 g5 37. f4 gxh4 38. gxh4 Ke6 39. Ke3 Nb5 40. f5+ Kd6 41. a4 Nc3 42. Nd3 Nxa4 43. Nf4 Nc3 44. Nxh5 Ne4 45. Ng7 Ke7 46. h5 Kf7 47. Ne6 Ng3 48. Kf4 Nxh5+ 49. Kg4 Ng7 50. Nf4 Ne8 51. Nxd5 b5 52. Kf4 Nd6 53. Nb4 Ke7 54. Nd3 Kd7 55. Nb4 Ne8 56. Nd5 Kd6 57. Ke4 Kc6 58. Nb4+ Kd6 59. Nd5 Kc6 60. Nb4+ Kd6 61. Nd5 1/2-1/2

[Event "Titled Tuesday intern op 01st Nov Early"]
[Site "Chess.com INT"]
[Date "2022.11.01"]
[Round "2"]
[White "Zhigalko, Sergei"]
[Black "Tleptsok, Ruslan Aslanovich"]
[Result "1-0"]
[WhiteElo "2572"]
[BlackElo "2196"]
[PlyCount "117"]
[EventDate "2022.11.01"]
[EventType "swiss (blitz)"]
[EventRounds "11"]
[EventCountry "USA"]
[SourceTitle "EXT 2024"]
[Source "ChessBase"]
[SourceDate "2023.10.10"]
[SourceVersion "1"]
[SourceVersionDate "2023.10.10"]
[SourceQuality "1"]

1. e4 d5 2. exd5 Nf6 3. d4 Bg4 4. Bb5+ Nbd7 5. Be2 Bxe2 6. Qxe2 Nb6 7. c4 Qd7 8. Nf3 0-0-0 9. Nc3 e6 10. dxe6 Qxe6 11. Qxe6+ fxe6 12. b3 Bb4 13. Bd2 Rhe8 14. 0-0-0 Bxc3 15. Bxc3 Ne4 16. Be1 c5 17. Rf1 Nd7 18. Kc2 e5 19. dxc5 Ndxc5 20. Rxd8+ Rxd8 21. Nxe5 Re8 22. Nf3 Re6 23. Bb4 Rg6 24. Bxc5 Nxc5 25. g3 Ra6 26. a4 Rb6 27. Nd4 Rh6 28. h4 Ne4 29. Kd3 Nc5+ 30. Kc2 Ne4 31. Ne2 Rf6 32. Nf4 h6 33. h5 Rf5 34. Kd3 Nc5+ 35. Kc3 Ne4+ 36. Kd4 Nd2 37. Rd1 Nxb3+ 38. Ke4 Rf7 39. Ne6 b6 40. f4 Nc5+ 41. Nxc5 bxc5 42. Rd5 Rc7 43. Kf5 Rc6 44. g4 Kc7 45. g5 Kb6 46. Rd7 Ka5 47. Rxa7+ Kb4 48. Rxg7 Kxc4 49. g6 Kb4 50. Rb7+ Kxa4 51. g7 Rc8 52. Kg6 c4 53. f5 c3 54. Rb1 c2 55. Rc1 Kb3 56. Kh7 Kb2 57. Rxc2+ Kxc2 58. g8Q Rxg8 59. Kxg8 1-0